00338 2200121 4500001002100000005001500021035002400036090001600060245004400076260005900120300002500179990001200204YOGYA00000000006745220140823075651 0010-081400000067169 a655.1 hie s ascreen process productioncharr l hiett aohiobthe signs of the times publlishing companyc1936 a247hlm.bilus.c23cm a45207-a